Online
Catalog

Tres testigos de la conquista del Perú : (Record no. 19622)

MARC details
000 -CABECERA
campo de control de longitud fija 01243nam a2200301 a 4500
001 - NÚMERO DE CONTROL
campo de control 000020114
003 - IDENTIFICADOR DEL NÚMERO DE CONTROL
campo de control OSt
005 - FECHA Y HORA DE LA ÚLTIMA TRANSACCIÓN
campo de control 20210203140623.0
008 - DATOS DE LONGITUD FIJA--INFORMACIÓN GENERAL
campo de control de longitud fija 100721s1964 sp u001 0 spa d
040 ## - FUENTE DE LA CATALOGACIÓN
Centro catalogador/agencia de origen DO-SdBNP
Lengua de catalogación spa
Centro/agencia transcriptor BNPHu
049 ## - FONDOS LOCALES (OCLC)
Fondos de biblioteca BNGR
082 ## - NÚMERO DE LA CLASIFICACIÓN DECIMAL DEWEY
Número de clasificación 985.02
Número de documento/Ítem C223t, 1964
100 1# - ENTRADA PRINCIPAL--NOMBRE DE PERSONA
Nombre de persona Canilleros, Conde de
Forma completa/desarrollada del nombre Miguel Muñoz De San Pedro
9 (RLIN) 42708
245 10 - MENCIÓN DE TÍTULO
Título Tres testigos de la conquista del Perú :
Resto del título Hernando Pizarro, Juan Ruiz De Arce y Diego de Trujillo /
Mención de responsabilidad, etc. Miguel Muñoz De San Pedro Conde De Canilleros.
250 ## - MENCIÓN DE EDICIÓN
Mención de edición 3a ed.
260 ## - PUBLICACIÓN, DISTRIBUCIÓN, ETC.
Lugar de publicación, distribución, etc. Madrid, (España) :
Nombre del editor, distribuidor, etc. Editorial Espasa-Calpe,
Fecha de publicación, distribución, etc. 1964.
300 ## - DESCRIPCIÓN FÍSICA
Extensión 141 p. ;
Dimensiones 18 cm.
490 1# - MENCIÓN DE SERIE
Mención de serie Austral. Amarilla : libros políticos y documentos de la época ;
Designación de volumen o secuencia 1168
500 ## - NOTA GENERAL
Nota general Incluye datos biográficos del autor en la solapa.
500 ## - NOTA GENERAL
Nota general Incluye índice de autores.
500 ## - NOTA GENERAL
Nota general Incluye notas al pie de las páginas.
600 14 - PUNTO DE ACCESO ADICIONAL DE MATERIA--NOMBRE DE PERSONA
Nombre de persona Pizarro Hermando
Fechas asociadas al nombre 1503-1580
9 (RLIN) 42709
600 14 - PUNTO DE ACCESO ADICIONAL DE MATERIA--NOMBRE DE PERSONA
Nombre de persona Ruiz de Arce, Juan,
Fechas asociadas al nombre 1507-1570
9 (RLIN) 42710
600 14 - PUNTO DE ACCESO ADICIONAL DE MATERIA--NOMBRE DE PERSONA
Nombre de persona Trujillo, Diego de,
Fechas asociadas al nombre 1505-1574?
9 (RLIN) 42711
650 #4 - PUNTO DE ACCESO ADICIONAL DE MATERIA--TÉRMINO DE MATERIA
Término de materia o nombre geográfico como elemento de entrada Perú
Subdivisión general Historia
-- Descubrimiento y conquista
Subdivisión cronológica 1519-1536
9 (RLIN) 42712
830 #0 - PUNTO DE ACCESO ADICIONAL DE SERIE-TÍTULO UNIFORME
Título uniforme Austral. Amarilla : libros políticos y documentos de la época ;
Designación de volumen o secuencia 1168
9 (RLIN) 41487
942 ## - ELEMENTOS DE PUNTO DE ACCESO ADICIONAL (KOHA)
Fuente del sistema de clasificación o colocación Dewey Decimal Classification
Tipo de ítem Koha Libro
Holdings
Estado de retiro Estado de pérdida Restricciones de uso No para préstamo Código de colección Localización permanente Ubicación/localización actual Ubicación en estantería Fecha de adquisición Número de inventario Total de préstamos Signatura topográfica completa Código de barras Fecha visto por última vez Precio válido a partir de Tipo de ítem Koha
        Monografías: Libros y Folletos General General En catalogación 21.07.2010 LF1   985.02 C223t, 1964 20114-10 25.06.2020 25.06.2020 Préstamo en sala

Powered by Koha